Kubrick Quotes Quiz - Statistics

General Stats
  • This quiz has been taken 117 times
  • The average score is 6 of 18
Answer Stats
Film Quote % Correct
The Shining Here's {Johnny}!
93%
The Shining All work and no play makes Jack a {dull} {boy}
77%
Dr. Strangelove Gentlemen, you can't fight in here! This is the {War} {Room}
51%
The Shining Come {play} {with} {us}, Danny.
38%
Full Metal Jacket You write '{Born} {to} {Kill}' on your helmet and you wear a peace button. What's that supposed to be?
37%
2001: A Space Odyssey Open the {pod} bay doors, HAL.
36%
The Shining You've always been the {caretaker}
35%
Full Metal Jacket The Marine Corps does not want robots. The Marine Corps wants {killers}
33%
2001: A Space Odyssey I'm afraid, Dave. Dave, my {mind} is going. I can feel it.
32%
Barry Lyndon It was in the reign of King {George} III that the aforesaid personages lived and quarrelled ; good or bad, handsome or ugly, rich or poor, they are all equal now.
32%
The Shining Danny's not here, Mrs. {Torrence}
31%
Full Metal Jacket I think I was trying to suggest something about the {duality} {of} {man}, sir.
22%
A Clockwork Orange I was cured {all} {right}!
19%
Paths of Glory If those little sweethearts won't face German {bullets}, they'll face French ones.
15%
Paths of Glory If any soldiers in the world can take it, we'll take the {Ant} Hill.
12%
Eyes Wide Shut No {dream} is ever just a {dream}
12%
A Clockwork Orange It's a {stinking} world because there's no law and order anymore.
7%
A Clockwork Orange Oh {bliss}! {Bliss} and heaven! Oh, it was gorgeousness and gorgeousity made flesh.
5%
No matching quizzes found
Score Distribution
Percent of People with Each Score
Percentile by Number Answered
Your Score History
You have not taken this quiz